Statistiques concernant Acteurs d'Hollywood

Cliquez ici pour prendre le quiz!

Statistiques générales

  • Ce quiz a été pris 385 fois
  • Le résultat moyen est 9 sur 16

Statistiques - réponses

Réponse% Correct
Robert Pattinson
85%
Ryan Reynolds
74%
Tobey Maguire
71%
Bradley Cooper
70%
Matt Damon
70%
Hugh Jackman
67%
Samuel L. Jackson / Jackson
67%
Kevin Hart
60%
Joaquin Phoenix
57%
Ben Affleck
55%
Jack Black
48%
James Franco
48%
Liam Neeson
48%
Tom Hiddleston
43%
Colin Firth
24%
Will Ferrell
19%

Distribution des résultats

Percentile par nombre de réponses

% des personnes avec chaque résultat

Votre développement - résultats

Vous n’avez pas pris ce quiz